000 00487nam a2200169Ia 4500
005 20250923144347.0
008 008 250917s9999 xx 000 0 eng d
037 _aTextual
040 _aDSWL
_beng
_cDSWL
041 _aeng
_2eng
084 _aX:9p1,N50, N50
_qDSWL
245 0 _aEqual remuneration for women for works of equal value
_cby I.L.O.
260 _aGeneva
_bILO
_c1950
300 _a60 p.
942 _cTEXL
_hX:9p1,N50, N50
999 _c1437900
_d1437900